| 000 -LEADER |
| fixed length control field |
00909nam a2200253Ia 4500 |
| 001 - CONTROL NUMBER |
| control field |
3145 |
| 003 - CONTROL NUMBER IDENTIFIER |
| control field |
GE_BSU |
| 005 - DATE AND TIME OF LATEST TRANSACTION |
| control field |
20221102155856.0 |
| 008 - FIXED-LENGTH DATA ELEMENTS--GENERAL INFORMATION |
| fixed length control field |
181216s1997ru xx |||||||||||||| ||rus|| |
| 020 ## - INTERNATIONAL STANDARD BOOK NUMBER |
| International Standard Book Number |
019504354; 5862254587; |
| 040 ## - CATALOGING SOURCE |
| Transcribing agency |
GE_BSU |
| 041 ## - LANGUAGE CODE |
| Language code of text/sound track or separate title |
rus |
| Language code of original |
eng |
| 080 ## - UNIVERSAL DECIMAL CLASSIFICATION NUMBER |
| Universal Decimal Classification number |
330.115(075.8) Д - 71 |
| 100 ## - MAIN ENTRY--PERSONAL NAME |
| Personal name |
Доугерти, Кристофер. |
| 9 (RLIN) |
15746 |
| 245 ## - TITLE STATEMENT |
| Title |
Введение в эконометрику=TNTRODUCTION TO ECONOMETRICS / |
| Statement of responsibility, etc. |
Кристофер Доугерти, ред. О.О. Замков. |
| 264 ## - PRODUCTION, PUBLICATION, DISTRIBUTION, MANUFACTURE, AND COPYRIGHT NOTICE |
| Place of production, publication, distribution, manufacture |
Москва : |
| Name of producer, publisher, distributor, manufacturer |
«ИНФРА-М», |
| Date of production, publication, distribution, manufacture, or copyright notice |
1997. |
| 300 ## - PHYSICAL DESCRIPTION |
| Extent |
402 ст. : |
| Other physical details |
24 см. |
| 546 ## - LANGUAGE NOTE |
| Language note |
Перевод с Английского |
| 653 ## - INDEX TERM--UNCONTROLLED |
| keyword |
Введение в эконометрику |
| 653 ## - INDEX TERM--UNCONTROLLED |
| keyword |
Экономика |
| 653 ## - INDEX TERM--UNCONTROLLED |
| keyword |
ეკონომიკა |
| 700 ## - ADDED ENTRY--PERSONAL NAME |
| Personal name |
Замков, О.О |
| Relator term |
რედაქტორი |
| 9 (RLIN) |
15747 |
| 942 ## - ADDED ENTRY ELEMENTS (KOHA) |
| Koha item type |
წიგნი |
| Source of classification or shelving scheme |
|